[Event "Medellin de La Raza U2000 op"]
[Site "Medellin"]
[Date "2023.10.15"]
[Round "7"]
[White "Florez, Victor Hugo"]
[Black "Cruz Quiceno, Johana Andrea"]
[Result "1-0"]
[WhiteElo "1478"]
[BlackElo "1149"]
[PlyCount "73"]
[EventDate "2023.10.12"]
[EventType "swiss"]
[EventRounds "9"]
[EventCountry "COL"]
[SourceTitle "CBM 216 Extra"]
[Source "ChessBase"]
[SourceDate "2023.11.30"]
[SourceVersion "1"]
[SourceVersionDate "2023.11.30"]
[SourceQuality "1"]

1. d4 d5 2. Nf3 Bf5 3. Bf4 Nc6 4. e3 Nf6 5. Bb5 e6 6. c3 Qd7 7. Ne5 Qd8 8. Nd2 a6 9. Nxc6 bxc6 10. Bxc6+ Nd7 11. Qa4 Be7 12. 0-0 h6 13. Bxd7+ Qxd7 14. Qd1 c6 15. a3 0-0 16. g4 Be4 17. f3 Bg6 18. Nb3 Bd8 19. Nc5 Qe7 20. b4 Bc7 21. Bxc7 Qxc7 22. Qe2 f5 23. Nxe6 Qe7 24. Nxf8 Kxf8 25. Rae1 Qg5 26. Qg2 fxg4 27. fxg4+ Kg8 28. Qg3 Be4 29. h4 Qg6 30. Rf4 Re8 31. Ref1 Rf8 32. Rxf8+ Kh7 33. h5 Qg5 34. Ra8 c5 35. dxc5 d4 36. Re8 Bd3 37. Rff8 1-0

[Event "Medellin Easter op 11th"]
[Site "Medellin"]
[Date "2023.04.05"]
[Round "1"]
[White "Florez, Victor Hugo"]
[Black "Lopez, Juan D"]
[Result "0-1"]
[WhiteElo "1600"]
[BlackElo "1891"]
[PlyCount "74"]
[EventDate "2023.04.05"]
[EventType "swiss"]
[EventRounds "7"]
[EventCountry "COL"]
[SourceTitle "CBM 213 Extra"]
[Source "ChessBase"]
[SourceDate "2023.05.31"]
[SourceVersion "1"]
[SourceVersionDate "2023.05.31"]
[SourceQuality "1"]

1. e4 c5 2. c4 Nc6 3. d3 g6 4. Be3 Bg7 5. Qd2 d6 6. Nc3 e6 7. Nge2 Nd4 8. Ng3 Ne7 9. Be2 0-0 10. 0-0 b6 11. f4 Nxe2+ 12. Ngxe2 d5 13. cxd5 exd5 14. d4 dxe4 15. dxc5 Nf5 16. Qc1 Qd3 17. Kf2 Ba6 18. Rd1 Qxe3+ 19. Qxe3 Nxe3 20. Kxe3 bxc5 21. Rd6 Bb7 22. Rd7 Rab8 23. b3 Rfd8 24. Rad1 Rxd7 25. Rxd7 c4 26. bxc4 Ba6 27. c5 Bf8 28. Nxe4 Bxc5+ 29. Nxc5 Re8+ 30. Kd4 Rxe2 31. Rxa7 Bb5 32. a4 Bc6 33. Rc7 Bxg2 34. Nd7 Re4+ 35. Kc5 Rxa4 36. f5 Ra5+ 37. Kd6 Rxf5 0-1